<?xml version="1.0" encoding="UTF-8"?>
<collection xmlns="http://www.loc.gov/MARC21/slim">
 <record>
  <leader>01293aam a22002298a 4500</leader>
  <controlfield tag="001">NCT_13546</controlfield>
  <controlfield tag="008">141125s2004              ||||||viesd</controlfield>
  <datafield tag="999" ind1=" " ind2=" ">
   <subfield code="c">645</subfield>
   <subfield code="d">645</subfield>
  </datafield>
  <datafield tag="020" ind1=" " ind2=" ">
   <subfield code="a">9780194312509</subfield>
   <subfield code="c">319000</subfield>
  </datafield>
  <datafield tag="082" ind1="0" ind2="4">
   <subfield code="2">23rd ed.</subfield>
   <subfield code="a">425</subfield>
   <subfield code="b">S972</subfield>
  </datafield>
  <datafield tag="100" ind1="1" ind2=" ">
   <subfield code="a">Swan, Michael</subfield>
  </datafield>
  <datafield tag="245" ind1="1" ind2="0">
   <subfield code="a">Oxford english grammar course :</subfield>
   <subfield code="b">Advanced</subfield>
   <subfield code="c">Michael Swan, Catherine Walter</subfield>
  </datafield>
  <datafield tag="260" ind1=" " ind2=" ">
   <subfield code="a">Oxford (New York)</subfield>
   <subfield code="b">Oxford University Press</subfield>
   <subfield code="c">2011</subfield>
  </datafield>
  <datafield tag="300" ind1=" " ind2=" ">
   <subfield code="a"> xiii, 348 p.   </subfield>
   <subfield code="b">ill. (some col. )</subfield>
   <subfield code="c">27 cm.</subfield>
   <subfield code="e"> 1 CD-ROM (4 3/4 in.)</subfield>
  </datafield>
  <datafield tag="653" ind1=" " ind2=" ">
   <subfield code="a">Khoa học cơ bản</subfield>
  </datafield>
  <datafield tag="700" ind1="1" ind2=" ">
   <subfield code="a">Walter, Catherine</subfield>
  </datafield>
  <datafield tag="942" ind1=" " ind2=" ">
   <subfield code="2">ddc</subfield>
   <subfield code="c">BK</subfield>
  </datafield>
  <datafield tag="952" ind1=" " ind2=" ">
   <subfield code="0">0</subfield>
   <subfield code="1">0</subfield>
   <subfield code="2">ddc</subfield>
   <subfield code="4">0</subfield>
   <subfield code="6">425_000000000000000_S972</subfield>
   <subfield code="7">0</subfield>
   <subfield code="9">4666</subfield>
   <subfield code="a">000001</subfield>
   <subfield code="b">000001</subfield>
   <subfield code="d">2017-11-29</subfield>
   <subfield code="l">3</subfield>
   <subfield code="m">1</subfield>
   <subfield code="o">425 S972</subfield>
   <subfield code="p">MD.03187</subfield>
   <subfield code="r">2020-08-06</subfield>
   <subfield code="s">2020-07-07</subfield>
   <subfield code="v">319000.00</subfield>
   <subfield code="w">2017-11-29</subfield>
   <subfield code="y">BK</subfield>
  </datafield>
  <datafield tag="952" ind1=" " ind2=" ">
   <subfield code="0">0</subfield>
   <subfield code="1">0</subfield>
   <subfield code="2">ddc</subfield>
   <subfield code="4">0</subfield>
   <subfield code="6">425_000000000000000_S972</subfield>
   <subfield code="7">0</subfield>
   <subfield code="9">4667</subfield>
   <subfield code="a">000001</subfield>
   <subfield code="b">000001</subfield>
   <subfield code="d">2017-11-29</subfield>
   <subfield code="o">425 S972</subfield>
   <subfield code="p">MD.03188</subfield>
   <subfield code="r">2017-11-29</subfield>
   <subfield code="v">319000.00</subfield>
   <subfield code="w">2017-11-29</subfield>
   <subfield code="y">BK</subfield>
  </datafield>
  <datafield tag="952" ind1=" " ind2=" ">
   <subfield code="0">0</subfield>
   <subfield code="1">0</subfield>
   <subfield code="2">ddc</subfield>
   <subfield code="4">0</subfield>
   <subfield code="6">425_000000000000000_S972</subfield>
   <subfield code="7">0</subfield>
   <subfield code="9">4668</subfield>
   <subfield code="a">000001</subfield>
   <subfield code="b">000001</subfield>
   <subfield code="d">2017-11-29</subfield>
   <subfield code="l">4</subfield>
   <subfield code="m">1</subfield>
   <subfield code="o">425 S972</subfield>
   <subfield code="p">MD.03189</subfield>
   <subfield code="r">2021-03-27</subfield>
   <subfield code="s">2021-03-13</subfield>
   <subfield code="v">319000.00</subfield>
   <subfield code="w">2017-11-29</subfield>
   <subfield code="y">BK</subfield>
  </datafield>
  <datafield tag="952" ind1=" " ind2=" ">
   <subfield code="0">0</subfield>
   <subfield code="1">0</subfield>
   <subfield code="2">ddc</subfield>
   <subfield code="4">0</subfield>
   <subfield code="6">425_000000000000000_S972</subfield>
   <subfield code="7">0</subfield>
   <subfield code="9">4860</subfield>
   <subfield code="a">000001</subfield>
   <subfield code="b">000001</subfield>
   <subfield code="d">2017-11-30</subfield>
   <subfield code="l">5</subfield>
   <subfield code="m">1</subfield>
   <subfield code="o">425 S972</subfield>
   <subfield code="p">MD.03186</subfield>
   <subfield code="r">2020-11-20</subfield>
   <subfield code="s">2020-11-06</subfield>
   <subfield code="v">319000.00</subfield>
   <subfield code="w">2017-11-30</subfield>
   <subfield code="y">BK</subfield>
  </datafield>
  <datafield tag="980" ind1=" " ind2=" ">
   <subfield code="a">Thư viện Trường Đại học Nam Cần Thơ</subfield>
  </datafield>
 </record>
</collection>
